|
|
|
|
| LEADER |
00722nab a2200193 i 4500 |
| 001 |
publ36685 |
| 005 |
20250509081253.0 |
| 008 |
250509s2017 hu o 000 hun d |
| 022 |
|
|
|a 2064-5058
|
| 024 |
7 |
|
|a 3272366
|2 mtmt
|
| 040 |
|
|
|a SZTE Publicatio Repozitórium
|b hun
|
| 041 |
|
|
|a hun
|
| 100 |
1 |
|
|a Torday László
|
| 245 |
1 |
2 |
|a A világossejtes veserák célzott gyógyszeres kezelése [Targeted therapy of the clear cell renal cancer]
|h [elektronikus dokumentum] /
|c Torday László
|
| 260 |
|
|
|c 2017
|
| 300 |
|
|
|a 199-212
|
| 490 |
0 |
|
|a KLINIKAI ONKOLÓGIA
|v 4 No. 3
|
| 650 |
|
4 |
|a Klinikai orvostan
|
| 856 |
4 |
0 |
|u http://publicatio.bibl.u-szeged.hu/36685/1/a-vilagossejtes-veserak-celzott-gyogyszeres-kezelese.pdf
|z Dokumentum-elérés
|